Catálogo
 En Linea

Historia del humanismo desde el siglo XIII hasta nuestros dias / (Registro nro. 35119)

Detalles MARC
000 -CABECERA
campo de control de longitud fija 00704nam a2200181 a 4500
001 - NÚMERO DE CONTROL
campo de control 000035628
005 - FECHA Y HORA DE LA ÚLTIMA TRANSACCIÓN
campo de control 20200930074503.0
008 - DATOS DE LONGITUD FIJA--INFORMACIÓN GENERAL
campo de control de longitud fija 111107s1953 ag a 000 0 spa d
040 ## - FUENTE DE LA CATALOGACIÓN
Centro catalogador/agencia de origen DO-SdBNP
Lengua de catalogación spa
Centro/agencia transcriptor BNPHU
100 1# - ENTRADA PRINCIPAL--NOMBRE DE PERSONA
Nombre de persona Toffanin, Giuseppe
9 (RLIN) 61539
240 10 - TÍTULO UNIFORME
Título uniforme El secolo senza Roma. Storia dell umanesimo. La fine del logos
Lenguaje de la obra Español
245 10 - MENCIÓN DE TÍTULO
Título Historia del humanismo desde el siglo XIII hasta nuestros dias /
Mención de responsabilidad, etc. Giuseppe Toffanin ; traducción directa por Bruno L. B. Carpineti y Luis M. De Cádiz.
260 ## - PUBLICACIÓN, DISTRIBUCIÓN, ETC.
Lugar de publicación, distribución, etc. Buenos Aires :
Nombre del editor, distribuidor, etc. Nova,
Fecha de publicación, distribución, etc. 1953.
300 ## - DESCRIPCIÓN FÍSICA
Extensión 541 p. :
Otras características físicas il. ;
Dimensiones 23 cm.
500 ## - NOTA GENERAL
Nota general Italiano
700 1# - PUNTO DE ACCESO ADICIONAL--NOMBRE DE PERSONA
Nombre de persona L. B. Carpineti, Bruno
Término indicativo de función/relación tr.
9 (RLIN) 61540
700 1# - PUNTO DE ACCESO ADICIONAL--NOMBRE DE PERSONA
Nombre de persona M. De Cádiz, Luis
Término indicativo de función/relación tr.
9 (RLIN) 61541
Existencias
Estado de retiro Estado de pérdida Restricciones de uso No para préstamo Código de colección Localización permanente Ubicación/localización actual Ubicación en estantería Fecha de adquisición Número de inventario Total de préstamos Signatura topográfica completa Código de barras Fecha visto por última vez Precio válido a partir de Tipo de ítem Koha Nota pública
      Excluido de préstamo Monografías: Libros y Folletos General General En catalogación 07.11.2011 LF1   35628-10 25.06.2020 25.06.2020 No se presta Perteneció a la biblioteca personal de Juan Isidro Jimenes Grullón.

Con tecnología Koha